<?xml version="1.0" encoding="UTF-8"?><OAI-PMH xmlns="http://www.openarchives.org/OAI/2.0/" xmlns:xsi="http://www.w3.org/2001/XMLSchema-instance"     xsi:schemaLocation="http://www.openarchives.org/OAI/2.0/ http://www.openarchives.org/OAI/2.0/OAI-PMH.xsd"><responseDate>2026-05-14T23:16:31Z</responseDate><request verb="GetRecord" identifier="oai:regmurcia.com:fintegr.785" metadataPrefix="marc21">http://oai.regmurcia.com/oai2/oai2.php</request><GetRecord><record><header><identifier>oai:regmurcia.com:fintegr.785</identifier><datestamp>2026-05-15</datestamp><setSpec>documentos</setSpec></header><metadata><record  xmlns="http://www.loc.gov/MARC21/slim" xmlns:xsi="http://www.w3.org/2001/XMLSchema-instance" xsi:schemaLocation="http://www.loc.gov/MARC21/slim http://www.loc.gov/standards/marcxml/schema/MARC21slim.xsd" type="Bibliographic"><leader>00000nam a2200000   4500</leader><controlfield tag="001" >005070112</controlfield><controlfield tag="003" >785</controlfield><controlfield tag="004" >A00000000</controlfield><datafield tag="245" ind1=" " ind2=" "><subfield code="a">Testimonio de presentación en el concejo de Murcia de una petición de David Aben Alfahar, pidiendo protección frente a María de Quesada.</subfield></datafield><datafield tag="300" ind1=" " ind2=" "><subfield code="c">220x 147 mm, 296 x 222 mm.</subfield></datafield><datafield tag="300" ind1=" " ind2=" "><subfield code="a">2 fol.</subfield></datafield><datafield tag="351" ind1=" " ind2=" "><subfield code="a">Unidad Documental</subfield><subfield code="c">Archivo de Murcia. Array</subfield><subfield code="a">Unidad Documental</subfield><subfield code="c">Archivo de Murcia. Array</subfield></datafield><datafield tag="351" ind1=" " ind2=" "><subfield code="b">Nº 62</subfield></datafield><datafield tag="506" ind1=" " ind2=" "><subfield code="a">Acceso restringido</subfield></datafield><datafield tag="520" ind1=" " ind2=" "><subfield code="a">El documento incluye:&lt;/br&gt;- Testimonio de la presentación ante el concejo de Murcia de una petición de David Aben Alfahar, recaudador mayor en el Obispado de Cartagena, por parte de Hayma Abu Darham, procurador de éste. &lt;/br&gt;- Carta de David Aben Alfahar al concejo de Murcia, pidiéndole protección frente al procurador de María de Quesada, que le impide realizar su trabajo y le causa continuos agravios pretextando que Aben Alfahar le debe cierto dinero a la dicha María de Quesada. De momento este enfrentamiento ha motivado ya su excomunión por el Obispo de Cartagena.&lt;/br&gt;- Respuesta del concejo de Murcia, manifestando que estudiarán lo expuesto por él y le darían solución al respecto.</subfield></datafield><datafield tag="583" ind1=" " ind2=" "><subfield code="u">http://www.regmurcia.com/servlet/s.Sl?METHOD=VERDOCUMENTO&amp;sit=serv,Carmesi&amp;n=/01/1244/indice.djvu</subfield></datafield><datafield tag="592" ind1=" " ind2=" "><subfield code="a">1452-05-23</subfield></datafield><datafield tag="592" ind1=" " ind2=" "><subfield code="d">1452-05-23 00:00:00</subfield></datafield><datafield tag="651" ind1=" " ind2=" "><subfield code="a">Murcia</subfield></datafield><datafield tag="786" ind1=" " ind2=" "><subfield code="o">http://www.regmurcia.com/servlet/s.Sl?METHOD=VERDOCUMENTO&amp;sit=serv,Carmesi&amp;n=/01/1244/indice.djvu</subfield></datafield><datafield tag="856" ind1=" " ind2=" "><subfield code="u">http://www.regmurcia.com/servlet/s.Sl?METHOD=DETALLE&amp;sit=c,373,m,139,serv,Carmesi&amp;id=785</subfield></datafield></record></metadata></record></GetRecord></OAI-PMH>
